00834nam a2200205 a 4500001001000000003000900010005001700019007000300036008004100039040002600080049000900106111010800115245008700223260005700310300002700367710009700394942001400491952010600505999001700611000031867DO-SdBNP20250205101739.0ta110707s1994 dr a 000 0 spa d aDO-SdBNPbspacB NPHU aBNPD1 aCongreso Nacional de Padres, Madres y Amigos de la Escuelac(Santo Domingod1994n3-5 de marzo )95807910aMensaje del honorable señor presidente de la República Dr. Joaguín Balaguer. aSanto Domingo :bPlan decenal de educación,c1994. a44 p. :bil. ;c28 cm.1 aRepública Dominicana.bSecretaría de Estado de Educación, Bellas Artes y Cultos923965 2ddccLBS1 00107-18PDaPDbPDcOId2011-07-07iLF1l0o p31867-10r2020-06-25w2020-06-25yLFPDZNo se presta c31359d31359